HANDBOOK ON SAMPLING OF ORES AND MINERALS (Record no. 8446)

MARC details
000 -LEADER
fixed length control field 00401nam a22001697a 4500
005 - DATE AND TIME OF LATEST TRANSACTION
control field 20231103124509.0
008 - FIXED-LENGTH DATA ELEMENTS--GENERAL INFORMATION
fixed length control field 231103b |||||||| |||| 00| 0 eng d
020 ## - INTERNATIONAL STANDARD BOOK NUMBER
ISBN 978-81-7192-068-6
041 ## - LANGUAGE CODE
Language code of text/sound track or separate title eng
082 ## - DEWEY DECIMAL CLASSIFICATION NUMBER
Classification number 622.7
100 ## - MAIN ENTRY--AUTHOR NAME
Personal name GHOSHAL, S.C
245 ## - TITLE STATEMENT
Title HANDBOOK ON SAMPLING OF ORES AND MINERALS
260 ## - PUBLICATION, DISTRIBUTION, ETC. (IMPRINT)
Place of publication NAGPUR
Name of publisher DATTSONS
300 ## - PHYSICAL DESCRIPTION
Number of Pages 154;p
650 ## - SUBJECT ADDED ENTRY--TOPICAL TERM
Topical Term MINING
942 ## - ADDED ENTRY ELEMENTS (KOHA)
Koha item type Books
Holdings
Lost status Damaged status Collection code Home library Current library Shelving location Date acquired Source of acquisition Cost, normal purchase price Full call number Accession Number Koha item type
    Reference JRU Library JRU Library SHELF-7-H 03/11/2023 PURCHASE [LBI000225/29-10-2023] 595.00 622.7 28045 Books
    MINING JRU Library JRU Library SHELF-100-F 03/11/2023 PURCHASE [LBI000225/29-10-2023] 595.00 622.7 28046 Books
    MINING JRU Library JRU Library SHELF-100-F 03/11/2023 PURCHASE [LBI000225/29-10-2023] 595.00 622.7 28047 Books
    MINING JRU Library JRU Library SHELF-100-F 03/11/2023 PURCHASE [LBI000225/29-10-2023] 595.00 622.7 28048 Books
    MINING JRU Library JRU Library SHELF-100-F 03/11/2023 PURCHASE [LBI000225/29-10-2023] 595.00 622.7 28049 Books